| 000 | 00390nam a2200133Ia 4500 | ||
|---|---|---|---|
| 008 | 160114s9999 xx 000 0 und d | ||
| 020 | _a1563972794 | ||
| 050 | _a808.83 | ||
| 050 | _b.T568 1993 | ||
| 245 | _aTis The Season / | ||
| 260 |
_aUnited States of America : _bBoyds Mills Press, Inc. _c1993 |
||
| 300 |
_a96 pages; _bill. (some col.) ; |
||
| 440 | _aHolidays Stories from Highlights | ||
| 999 |
_c290279 _d290279 |
||